5 longest rivers in the world - Statistics

General Stats
  • This quiz has been taken 32 times
  • The average score is 4 of 5
Answer Stats
Km Answer % Correct
6,400 Amazon
100%
6,695 Nile
100%
5,971 Mississippi
88%
6,300 Yangtze
73%
5,539 Yenisei
31%
No matching quizzes found
Score Distribution
Percent of People with Each Score
Percentile by Number Answered
Your Score History
You have not taken this quiz